[Event "94th FRA-ch Women 2019"]
[Site "Chartres"]
[Date "2019.08.19"]
[Round "3.5"]
[White "Broly, Mathilde"]
[Black "Guichard, Pauline"]
[Result "0-1"]
[WhiteElo "2177"]
[BlackElo "2405"]
[Annotator "NA"]
[PlyCount "78"]
[EventDate "2019.08.17"]
[EventType "tourn"]
[EventCountry "FRA"]
[SourceTitle "playchess.com"]
[Source "ChessBase"]
[SourceQuality "1"]
[TimeControl "40/5400+30:1800+30"]

1. c4 {[%emt 0:00:00]} Nf6 {[%emt 0:00:00]} 2. Nc3 {[%emt 0:00:05]} e6 {[%emt 0:00:00]} 3. g3 {[%emt 0:06:04]} d5 {[%emt 0:00:29]} 4. Bg2 {[%emt 0:01:19]} d4 {[%emt 0:04:04]} 5. Ne4 {[%emt 0:03:13]} Nxe4 {[%emt 0:01:42]} 6. Bxe4 {[%emt 0:00:10]} c5 {[%emt 0:07:29]} 7. d3 {[%emt 0:19:07]} Bd6 {[%emt 0:05:02]} 8. Bg2 {[%emt 0:01:14]} Nc6 {[%emt 0:07:32]} 9. Nf3 {[%emt 0:02:49]} O-O {[%emt 0:01:03]} 10. O-O {[%emt 0:01:11]} e5 {[%emt 0:00:29]} 11. a3 {[%emt 0:06:51]} a5 {[%emt 0:00:33]} 12. b3 {[%emt 0:00:44]} h6 {[%emt 0:05:56]} 13. Ne1 {[%emt 0:17:38]} Bf5 {[%emt 0:05:22]} 14. Nc2 {[%emt 0:02:40]} Qd7 {[%emt 0:02:59]} 15. Rb1 {[%emt 0:01:38]} Bh3 {[%emt 0:01:31]} 16. e3 {[%emt 0:03:57]} Bxg2 {[%emt 0:04:00]} 17. Kxg2 {[%emt 0:00:07]} Be7 {[%emt 0:08:47]} 18. Bb2 {[%emt 0:05:51]} Ra6 {[%emt 0:02:18]} 19. exd4 {[%emt 0:03:20]} exd4 {[%emt 0:00:49]} 20. f4 {[%emt 0:02:50]} Bf6 {[%emt 0:01:17]} 21. Bc1 {[%emt 0:01:04]} Ne7 {[%emt 0:00:23]} 22. Qf3 {[%emt 0:01:55]} Re6 {[%emt 0:08:22]} 23. Bd2 {[%emt 0:02:54]} Nf5 {[%emt 0:03:31]} 24. Rfe1 {[%emt 0:01:53]} Rfe8 {[%emt 0:00:40]} 25. Kf2 {[%emt 0:03:32]} Ne3 {[%emt 0:03:42]} 26. Bxe3 {[%emt 0:00:47]} dxe3+ {[%emt 0:00:09]} 27. Ke2 {[%emt 0:00:04]} Bc3 {[%emt 0:01:12]} 28. Red1 {[%emt 0:00:36]} Bd2 {[%emt 0:00:29]} 29. b4 {[%emt 0:06:02]} Rd8 {[%emt 0:04:36]} 30. Rxd2 {[%emt 0:00:52]} exd2+ {[%emt 0:00:26]} 31. Kxd2 {[%emt 0:00:06]} Rd6 {[%emt 0:06:05]} 32. Rb3 {[%emt 0:00:07]} b5 {[%emt 0:01:07]} 33. cxb5 {[%emt 0:02:17]} c4 {[%emt 0:00:07]} 34. Rc3 {[%emt 0:00:13]} cxd3 {[%emt 0:00:46]} 35. Ne1 {[%emt 0:00:32]} axb4 {[%emt 0:00:30]} 36. axb4 {[%emt 0:00:48]} Qxb5 {[%emt 0:00:09]} 37. Rxd3 {[%emt 0:01:07]} Qxb4+ {[%emt 0:00:19]} 38. Kd1 {[%emt 0:00:58]} Qc3 {[%emt 0:01:04]} 39. Rxd6 {[%emt 0:01:12]} Rxd6+ {[%emt 0:00:08]} 0-1

[Event "94th FRA-ch Women 2019"]
[Site "Chartres"]
[Date "2019.08.20"]
[Round "4.1"]
[White "Maisuradze, Nino"]
[Black "Leconte, Maria"]
[Result "1-0"]
[WhiteElo "2203"]
[BlackElo "2252"]
[Annotator "NA"]
[PlyCount "95"]
[EventDate "2019.08.17"]
[EventType "tourn"]
[EventCountry "FRA"]
[SourceTitle "playchess.com"]
[Source "ChessBase"]
[SourceQuality "1"]
[TimeControl "40/5400+30:1800+30"]

1. c4 {[%emt 0:00:00]} e5 {[%emt 0:04:11]} 2. Nc3 {[%emt 0:00:00]} Nc6 {[%emt 0:00:34]} 3. Nf3 {[%emt 0:05:22]} Nf6 {[%emt 0:10:16]} 4. e4 {[%emt 0:01:39]} d6 {[%emt 0:06:21]} 5. d3 {[%emt 0:08:01]} Be7 {[%emt 0:05:26]} 6. Be2 {[%emt 0:00:24]} O-O {[%emt 0:00:20]} 7. h3 {[%emt 0:00:42]} Nd4 {[%emt 0:02:27]} 8. Nxd4 {[%emt 0:08:16]} exd4 {[%emt 0:00:04]} 9. Nb1 {[%emt 0:07:39]} a6 {[%emt 0:15:53]} 10. O-O {[%emt 0:00:38]} Nd7 {[%emt 0:01:53]} 11. Nd2 {[%emt 0:02:32]} Bf6 {[%emt 0:00:23]} 12. f4 {[%emt 0:00:35]} b5 {[%emt 0:00:35]} 13. b3 {[%emt 0:04:27]} Re8 {[%emt 0:04:54]} 14. g4 {[%emt 0:06:42]} h6 {[%emt 0:02:50]} 15. Bf3 {[%emt 0:12:53]} Rb8 {[%emt 0:01:31]} 16. Bg2 {[%emt 0:02:20]} Nc5 {[%emt 0:06:02]} 17. Qf3 {[%emt 0:01:25]} Qe7 {[%emt 0:06:40]} 18. Bb2 {[%emt 0:11:37]} Bb7 {[%emt 0:03:51]} 19. Ba3 {[%emt 0:15:37]} Nd7 {[%emt 0:01:52]} 20. Qf2 {[%emt 0:02:17]} c5 {[%emt 0:02:30]} 21. Nf3 {[%emt 0:00:22]} g6 {[%emt 0:07:31]} 22. Rae1 {[%emt 0:00:19]} Bg7 {[%emt 0:01:23]} 23. h4 {[%emt 0:01:12]} Nf6 {[%emt 0:01:31]} 24. Bh3 {[%emt 0:00:57]} Bc8 {[%emt 0:02:07]} 25. f5 {[%emt 0:02:14]} Nh7 {[%emt 0:02:47]} 26. Bc1 {[%emt 0:04:01]} Qb7 {[%emt 0:02:54]} 27. g5 {[%emt 0:00:26]} h5 {[%emt 0:00:25]} 28. Qg3 {[%emt 0:00:19]} Be5 {[%emt 0:00:23]} 29. Bf4 {[%emt 0:00:29]} Qc7 {[%emt 0:00:16]} 30. fxg6 {[%emt 0:00:44]} fxg6 {[%emt 0:00:17]} 31. Bxc8 {[%emt 0:00:18]} Rbxc8 {[%emt 0:00:08]} 32. Re2 {[%emt 0:00:41]} Re7 {[%emt 0:01:00]} 33. Ref2 {[%emt 0:00:19]} Rf8 {[%emt 0:00:39]} 34. Bxe5 {[%emt 0:00:47]} dxe5 {[%emt 0:00:06]} 35. Nd2 {[%emt 0:00:20]} Qd6 {[%emt 0:04:22]} 36. cxb5 {[%emt 0:00:32]} axb5 {[%emt 0:00:07]} 37. a4 {[%emt 0:00:22]} Rb8 {[%emt 0:01:59]} 38. axb5 {[%emt 0:00:22]} Rxb5 {[%emt 0:00:19]} 39. Rf6 {[%emt 0:00:35]} Nxf6 {[%emt 0:00:50]} 40. gxf6 {[%emt 0:00:02]} Rf7 {[%emt 0:00:15]} 41. Qxg6+ {[%emt 0:06:43]} Kf8 {[%emt 0:00:08]} 42. Nc4 {[%emt 0:02:29]} Qe6 {[%emt 0:01:01]} 43. Rf5 {[%emt 0:00:34]} Rxb3 {[%emt 0:09:14]} 44. Qh6+ {[%emt 0:00:57]} Ke8 {[%emt 0:00:06]} 45. Rxe5 {[%emt 0:01:06]} Kd7 {[%emt 0:00:06]} 46. Rxe6 {[%emt 0:00:17]} Kxe6 {[%emt 0:00:04]} 47. Qg6 {[%emt 0:06:35]} Rb1+ {[%emt 0:04:09]} 48. Kg2 {[%emt 0:16:52] Kd5} 1-0

[Event "94th FRA-ch Women 2019"]
[Site "Chartres"]
[Date "2019.08.20"]
[Round "4.2"]
[White "Navrotescu, Andreea-Cristiana"]
[Black "Monpeurt, Cyrielle"]
[Result "1-0"]
[WhiteElo "2210"]
[BlackElo "2171"]
[Annotator "NA"]
[PlyCount "69"]
[EventDate "2019.08.17"]
[EventType "tourn"]
[EventCountry "FRA"]
[SourceTitle "playchess.com"]
[Source "ChessBase"]
[SourceQuality "1"]
[TimeControl "40/5400+30:1800+30"]

1. c4 {[%emt 0:00:00]} Nf6 {[%emt 0:00:00]} 2. Nc3 {[%emt 0:00:00]} c6 {[%emt 0:00:00]} 3. e4 {[%emt 0:07:34]} e5 {[%emt 0:00:10]} 4. Nf3 {[%emt 0:00:20]} Bb4 {[%emt 0:00:14]} 5. Be2 {[%emt 0:06:27]} d6 {[%emt 0:01:40]} 6. d3 {[%emt 0:01:19]} O-O {[%emt 0:03:12]} 7. Bg5 {[%emt 0:02:00]} Nbd7 {[%emt 0:00:41]} 8. a3 {[%emt 0:04:16]} Ba5 {[%emt 0:00:46]} 9. b4 {[%emt 0:01:08]} Bc7 {[%emt 0:00:08]} 10. O-O {[%emt 0:02:17]} h6 {[%emt 0:01:03]} 11. Bc1 {[%emt 0:03:21]} Re8 {[%emt 0:01:33]} 12. Bb2 {[%emt 0:01:52]} Nf8 {[%emt 0:01:13]} 13. Re1 {[%emt 0:02:22]} Ng6 {[%emt 0:08:55]} 14. g3 {[%emt 0:08:48]} d5 {[%emt 0:08:02]} 15. cxd5 {[%emt 0:01:12]} cxd5 {[%emt 0:00:12]} 16. Bf1 {[%emt 0:04:00]} Be6 {[%emt 0:05:09]} 17. Bg2 {[%emt 0:03:00]} Qd7 {[%emt 0:02:30]} 18. exd5 {[%emt 0:04:47]} Nxd5 {[%emt 0:01:37]} 19. Na4 {[%emt 0:02:50]} Bg4 {[%emt 0:04:35]} 20. Qb3 {[%emt 0:07:04]} Rad8 {[%emt 0:05:47]} 21. Nc5 {[%emt 0:01:34]} Qf5 {[%emt 0:00:16]} 22. Nd2 {[%emt 0:01:17]} Ndf4 {[%emt 0:03:59]} 23. gxf4 {[%emt 0:03:24]} Nxf4 {[%emt 0:00:16]} 24. Re3 {[%emt 0:06:19]} Bh3 {[%emt 0:05:23]} 25. Bf1 {[%emt 0:10:02]} Rd6 {[%emt 0:09:51]} 26. Nde4 {[%emt 0:00:09]} Rg6+ {[%emt 0:00:19]} 27. Rg3 {[%emt 0:00:15]} Bxf1 {[%emt 0:06:53]} 28. Kxf1 {[%emt 0:00:17]} b6 {[%emt 0:03:36]} 29. Na6 {[%emt 0:02:17]} Bd8 {[%emt 0:00:54]} 30. Bc1 {[%emt 0:06:22]} Ree6 {[%emt 0:08:20]} 31. Ke1 {[%emt 0:04:44]} Bh4 {[%emt 0:01:10]} 32. Bxf4 {[%emt 0:00:46]} Qxf4 {[%emt 0:01:03]} 33. Nc7 {[%emt 0:01:27]} Rc6 {[%emt 0:01:29]} 34. Nd5 {[%emt 0:00:01]} Rc1+ {[%emt 0:03:28]} 35. Ke2 {[%emt 0:00:26]} 1-0

[Event "94th FRA-ch Women 2019"]
[Site "Chartres"]
[Date "2019.08.20"]
[Round "4.3"]
[White "Guichard, Pauline"]
[Black "Milliet, Sophie"]
[Result "1/2-1/2"]
[WhiteElo "2405"]
[BlackElo "2397"]
[Annotator "NA"]
[PlyCount "97"]
[EventDate "2019.08.17"]
[EventType "tourn"]
[EventCountry "FRA"]
[SourceTitle "playchess.com"]
[Source "ChessBase"]
[SourceQuality "1"]
[TimeControl "40/5400+30:1800+30"]

1. c4 {[%emt 0:00:00]} Nf6 {[%emt 0:00:00]} 2. g3 {[%emt 0:00:00]} g6 {[%emt 0:00:03]} 3. Bg2 {[%emt 0:00:00]} Bg7 {[%emt 0:00:03]} 4. Nc3 {[%emt 0:00:07]} O-O {[%emt 0:00:08]} 5. d3 {[%emt 0:01:11]} d6 {[%emt 0:00:58]} 6. Rb1 {[%emt 0:00:34]} c5 {[%emt 0:07:13]} 7. a3 {[%emt 0:08:21]} Na6 {[%emt 0:25:09]} 8. Nf3 {[%emt 0:03:08]} Nc7 {[%emt 0:00:37]} 9. O-O {[%emt 0:02:16]} Rb8 {[%emt 0:00:42]} 10. b4 {[%emt 0:03:13]} cxb4 {[%emt 0:23:22]} 11. axb4 {[%emt 0:00:48]} d5 {[%emt 0:00:04]} 12. Bf4 {[%emt 0:08:02]} dxc4 {[%emt 0:00:03]} 13. dxc4 {[%emt 0:01:01]} Nd7 {[%emt 0:00:06]} 14. Qd3 {[%emt 0:08:35]} e5 {[%emt 0:00:35]} 15. Bg5 {[%emt 0:02:02]} f6 {[%emt 0:00:11]} 16. Be3 {[%emt 0:07:07]} Nb6 {[%emt 0:02:31]} 17. Qc2 {[%emt 0:08:17]} Nxc4 {[%emt 0:08:36]} 18. Bxa7 {[%emt 0:00:14]} Ra8 {[%emt 0:00:03]} 19. Ra1 {[%emt 0:00:42]} Be6 {[%emt 0:01:12]} 20. Rfd1 {[%emt 0:04:05]} Qc8 {[%emt 0:00:26]} 21. Nd2 {[%emt 0:02:13]} Nxd2 {[%emt 0:10:59]} 22. Qxd2 {[%emt 0:00:05]} Rf7 {[%emt 0:01:11]} 23. Qe3 {[%emt 0:06:14]} Na6 {[%emt 0:10:19]} 24. Bb6 {[%emt 0:10:53]} Rd7 {[%emt 0:04:06]} 25. Rxd7 {[%emt 0:00:29]} Qxd7 {[%emt 0:00:11]} 26. Rd1 {[%emt 0:08:59]} Qf7 {[%emt 0:00:01]} 27. Qe4 {[%emt 0:00:44]} Rc8 {[%emt 0:01:38]} 28. Nb5 {[%emt 0:03:16]} Bf8 {[%emt 0:00:34]} 29. Ba5 {[%emt 0:01:44]} b6 {[%emt 0:00:35]} 30. Bxb6 {[%emt 0:00:07]} Nxb4 {[%emt 0:00:02]} 31. h4 {[%emt 0:02:16]} Rb8 {[%emt 0:00:26]} 32. Nd6 {[%emt 0:00:10]} Bxd6 {[%emt 0:00:27]} 33. Rxd6 {[%emt 0:00:05]} Nd5 {[%emt 0:02:02]} 34. Bc5 {[%emt 0:02:51]} Ne7 {[%emt 0:00:04]} 35. Ra6 {[%emt 0:01:07]} Bd5 {[%emt 0:00:54]} 36. Qd3 {[%emt 0:01:47]} Bxg2 {[%emt 0:00:10]} 37. Kxg2 {[%emt 0:00:04]} Qd5+ {[%emt 0:01:46]} 38. Qxd5+ {[%emt 0:00:06]} Nxd5 {[%emt 0:00:01]} 39. Rd6 {[%emt 0:00:18]} Nc3 {[%emt 0:00:11]} 40. Rxf6 {[%emt 0:00:35]} Nxe2 {[%emt 0:01:15]} 41. Re6 {[%emt 0:07:12]} Nc1 {[%emt 0:00:53]} 42. Be3 {[%emt 0:10:19]} Nd3 {[%emt 0:00:19]} 43. Re7 {[%emt 0:00:51]} Rb2 {[%emt 0:14:58]} 44. Kf3 {[%emt 0:07:22]} h5 {[%emt 0:00:14]} 45. Kg2 {[%emt 0:01:48]} Ne1+ {[%emt 0:09:35]} 46. Kf1 {[%emt 0:05:34]} Nf3 {[%emt 0:00:02]} 47. Kg2 {[%emt 0:03:55]} Ne1+ {[%emt 0:00:03]} 48. Kf1 {[%emt 0:01:35]} Nf3 {[%emt 0:00:03]} 49. Kg2 {[%emt 0:00:29]} 1/2-1/2

[Event "94th FRA-ch Women 2019"]
[Site "Chartres"]
[Date "2019.08.20"]
[Round "4.4"]
[White "Richard, Emma"]
[Black "Broly, Mathilde"]
[Result "1/2-1/2"]
[WhiteElo "2104"]
[BlackElo "2177"]
[Annotator "NA"]
[PlyCount "56"]
[EventDate "2019.08.17"]
[EventType "tourn"]
[EventCountry "FRA"]
[SourceTitle "playchess.com"]
[Source "ChessBase"]
[SourceQuality "1"]
[TimeControl "40/5400+30:1800+30"]

1. e4 {[%emt 0:00:00]} e5 {[%emt 0:00:00]} 2. Nf3 {[%emt 0:00:00]} Nc6 {[%emt 0:00:00]} 3. Bb5 {[%emt 0:00:00]} a6 {[%emt 0:00:34]} 4. Ba4 {[%emt 0:00:00]} Nf6 {[%emt 0:00:41]} 5. d3 {[%emt 0:00:20]} b5 {[%emt 0:05:24]} 6. Bb3 {[%emt 0:02:47]} Bc5 {[%emt 0:06:36]} 7. Nc3 {[%emt 0:00:16]} d6 {[%emt 0:02:55]} 8. Nd5 {[%emt 0:02:02]} Be6 {[%emt 0:04:51]} 9. Bg5 {[%emt 0:06:59]} Na5 {[%emt 0:08:34]} 10. Nxf6+ {[%emt 0:30:36]} gxf6 {[%emt 0:00:46]} 11. Bh4 {[%emt 0:01:32]} Nxb3 {[%emt 0:12:15]} 12. axb3 {[%emt 0:01:42]} Rg8 {[%emt 0:00:12]} 13. d4 {[%emt 0:11:48]} exd4 {[%emt 0:01:12]} 14. Nxd4 {[%emt 0:00:14]} Rg4 {[%emt 0:00:11]} 15. Nxe6 {[%emt 0:02:48]} Rxe4+ {[%emt 0:00:29]} 16. Kd2 {[%emt 0:10:03]} Rxe6 {[%emt 0:00:52]} 17. Qh5 {[%emt 0:03:28]} Qe7 {[%emt 0:13:29]} 18. Rhe1 {[%emt 0:03:09]} Kd7 {[%emt 0:07:38]} 19. Rxe6 {[%emt 0:13:12]} fxe6 {[%emt 0:01:10]} 20. Qf3 {[%emt 0:00:17]} c6 {[%emt 0:05:06]} 21. Bxf6 {[%emt 0:05:38]} Qf7 {[%emt 0:01:41]} 22. g4 {[%emt 0:01:16]} Bd4 {[%emt 0:13:30]} 23. g5 {[%emt 0:00:04]} Bxb2 {[%emt 0:00:08]} 24. Ra2 {[%emt 0:01:22]} Bd4 {[%emt 0:02:43]} 25. c3 {[%emt 0:00:26]} Bb6 {[%emt 0:00:38]} 26. h4 {[%emt 0:00:33]} Bd8 {[%emt 0:02:50]} 27. Ra1 {[%emt 0:00:25]} a5 {[%emt 0:01:45]} 28. c4 {[%emt 0:01:45]} b4 {[%emt 0:07:50]} 1/2-1/2

[Event "94th FRA-ch Women 2019"]
[Site "Chartres"]
[Date "2019.08.20"]
[Round "4.5"]
[White "Safranska, Anda"]
[Black "Thomas, Anysia"]
[Result "1-0"]
[WhiteElo "2128"]
[BlackElo "2158"]
[Annotator "NA"]
[PlyCount "175"]
[EventDate "2019.08.17"]
[EventType "tourn"]
[EventCountry "FRA"]
[SourceTitle "playchess.com"]
[Source "ChessBase"]
[SourceQuality "1"]
[TimeControl "40/5400+30:1800+30"]

1. Nf3 {[%emt 0:00:00]} g6 {[%emt 0:00:00]} 2. e4 {[%emt 0:00:04]} c5 {[%emt 0:00:00]} 3. c3 {[%emt 0:00:11]} d5 {[%emt 0:00:29]} 4. e5 {[%emt 0:00:24]} Bg7 {[%emt 0:01:19]} 5. d4 {[%emt 0:00:24]} Nc6 {[%emt 0:00:09]} 6. Bb5 {[%emt 0:00:10]} Nh6 {[%emt 0:04:04]} 7. O-O {[%emt 0:01:28]} cxd4 {[%emt 0:03:46]} 8. cxd4 {[%emt 0:02:56]} O-O {[%emt 0:04:47]} 9. Bxc6 {[%emt 0:00:53]} bxc6 {[%emt 0:00:04]} 10. h3 {[%emt 0:00:16]} f6 {[%emt 0:04:48]} 11. exf6 {[%emt 0:00:31]} exf6 {[%emt 0:00:08]} 12. Nc3 {[%emt 0:00:17]} Nf7 {[%emt 0:01:19]} 13. Re1 {[%emt 0:06:23]} Nd6 {[%emt 0:09:40]} 14. Bf4 {[%emt 0:04:41]} Bf5 {[%emt 0:05:53]} 15. Rc1 {[%emt 0:11:21]} Nc4 {[%emt 0:12:14]} 16. Na4 {[%emt 0:03:01]} g5 {[%emt 0:00:12]} 17. Bg3 {[%emt 0:01:17]} Re8 {[%emt 0:03:07]} 18. b3 {[%emt 0:04:34]} Nb6 {[%emt 0:02:34]} 19. Nc5 {[%emt 0:01:14]} Bf8 {[%emt 0:01:50]} 20. Nh2 {[%emt 0:05:56]} Rxe1+ {[%emt 0:04:39]} 21. Qxe1 {[%emt 0:00:19]} Qe8 {[%emt 0:00:58]} 22. Qd2 {[%emt 0:00:41]} Qf7 {[%emt 0:02:50]} 23. h4 {[%emt 0:18:47]} h6 {[%emt 0:04:57]} 24. Nd3 {[%emt 0:10:51]} Qg6 {[%emt 0:06:22]} 25. Nb4 {[%emt 0:03:02]} Rc8 {[%emt 0:13:03]} 26. Na6 {[%emt 0:07:00]} Be4 {[%emt 0:04:44]} 27. hxg5 {[%emt 0:04:06]} hxg5 {[%emt 0:00:39]} 28. Nc5 {[%emt 0:04:55]} Bf5 {[%emt 0:00:39]} 29. Nf3 {[%emt 0:03:06]} Re8 {[%emt 0:03:03]} 30. Re1 {[%emt 0:00:22]} Rxe1+ {[%emt 0:01:05]} 31. Qxe1 {[%emt 0:00:12]} Be4 {[%emt 0:01:42]} 32. Nd2 {[%emt 0:00:46]} Bf5 {[%emt 0:01:54]} 33. Qe3 {[%emt 0:00:46]} Nd7 {[%emt 0:00:45]} 34. Na4 {[%emt 0:02:28]} Bg4 {[%emt 0:00:46]} 35. f3 {[%emt 0:00:11]} Bf5 {[%emt 0:00:16]} 36. Qc3 {[%emt 0:00:32]} Qe8 {[%emt 0:01:34]} 37. Kf2 {[%emt 0:01:02]} Qc8 {[%emt 0:00:51]} 38. Nf1 {[%emt 0:01:21]} Qa6 {[%emt 0:00:42]} 39. Ne3 {[%emt 0:00:34]} Bd3 {[%emt 0:00:42]} 40. Kg1 {[%emt 0:01:55]} Bb5 {[%emt 0:00:27]} 41. Qc2 {[%emt 0:30:31]} Bd3 {[%emt 0:02:19]} 42. Qd2 {[%emt 0:00:00]} Bg6 {[%emt 0:02:33]} 43. Nd1 {[%emt 0:00:00]} Kf7 {[%emt 0:10:28]} 44. Bc7 {[%emt 0:00:00]} Qb7 {[%emt 0:03:44]} 45. Bg3 {[%emt 0:00:00]} Qa6 {[%emt 0:02:13]} 46. Nf2 {[%emt 0:00:00]} Qb5 {[%emt 0:01:00]} 47. Bc7 {[%emt 0:00:00]} Qb4 {[%emt 0:01:52]} 48. Ba5 {[%emt 0:00:00]} Qd6 {[%emt 0:05:42]} 49. Qc1 {[%emt 0:01:20]} Qe6 {[%emt 0:00:22]} 50. Kf1 {[%emt 0:00:45]} c5 {[%emt 0:01:15]} 51. Bc3 {[%emt 0:00:27]} Qa6+ {[%emt 0:02:14]} 52. Ke1 {[%emt 0:00:33]} cxd4 {[%emt 0:02:09]} 53. Bxd4 {[%emt 0:00:13]} Bb4+ {[%emt 0:00:10]} 54. Bc3 {[%emt 0:00:15]} Bd6 {[%emt 0:00:50]} 55. Qd2 {[%emt 0:00:14]} Qb5 {[%emt 0:00:36]} 56. Bd4 {[%emt 0:00:36]} Ne5 {[%emt 0:00:30]} 57. Nc3 {[%emt 0:00:58]} Qb4 {[%emt 0:00:47]} 58. Nxd5 {[%emt 0:01:03]} Qb7 {[%emt 0:00:38]} 59. Bc3 {[%emt 0:01:11]} Qb8 {[%emt 0:00:18]} 60. Ne4 {[%emt 0:00:49]} Bxe4 {[%emt 0:00:24]} 61. fxe4 {[%emt 0:00:04]} Qh8 {[%emt 0:00:29]} 62. Kd1 {[%emt 0:00:30]} Qh1+ {[%emt 0:00:38]} 63. Kc2 {[%emt 0:00:06]} Qf1 {[%emt 0:00:30]} 64. Ne3 {[%emt 0:00:59]} Qa6 {[%emt 0:00:13]} 65. a4 {[%emt 0:00:20]} Kg6 {[%emt 0:00:31]} 66. Nf5 {[%emt 0:00:56]} Ba3 {[%emt 0:00:43]} 67. Nd4 {[%emt 0:01:33]} Qf1 {[%emt 0:00:41]} 68. Nb5 {[%emt 0:00:28]} Bc5 {[%emt 0:00:23]} 69. Nc7 {[%emt 0:00:42]} Qg1 {[%emt 0:00:35]} 70. Nd5 {[%emt 0:00:13]} a6 {[%emt 0:00:31]} 71. Kb2 {[%emt 0:00:33]} Qf1 {[%emt 0:00:20]} 72. Kc2 {[%emt 0:00:34]} Ba3 {[%emt 0:00:37]} 73. Ne3 {[%emt 0:00:45]} Qf4 {[%emt 0:00:25]} 74. Bxe5 {[%emt 0:00:23]} Qxe4+ {[%emt 0:00:42]} 75. Qd3 {[%emt 0:00:14]} Qxd3+ {[%emt 0:00:04]} 76. Kxd3 {[%emt 0:00:03]} fxe5 {[%emt 0:00:02]} 77. Ke4 {[%emt 0:00:08]} Kf6 {[%emt 0:01:16]} 78. Nc4 {[%emt 0:00:09]} Bc1 {[%emt 0:00:21]} 79. Nxe5 {[%emt 0:00:03]} Ke6 {[%emt 0:00:23]} 80. b4 {[%emt 0:00:36]} Ba3 {[%emt 0:00:37]} 81. Nd3 {[%emt 0:00:22]} Kd6 {[%emt 0:00:39]} 82. g4 {[%emt 0:00:15]} Kc6 {[%emt 0:00:34]} 83. Kd4 {[%emt 0:00:40]} a5 {[%emt 0:00:21]} 84. Ne5+ {[%emt 0:00:58]} Kb7 {[%emt 0:00:17]} 85. b5 {[%emt 0:00:32]} Bb4 {[%emt 0:00:47]} 86. Kd5 {[%emt 0:00:07]} Be1 {[%emt 0:00:33]} 87. Nf3 {[%emt 0:00:23]} Bh4 {[%emt 0:00:17]} 88. Nxh4 {[%emt 0:00:18]} 1-0

[Event "94th FRA-ch Women 2019"]
[Site "Chartres"]
[Date "2019.08.21"]
[Round "5.2"]
[White "Broly, Mathilde"]
[Black "Navrotescu, Andreea-Cristiana"]
[Result "1-0"]
[WhiteElo "2177"]
[BlackElo "2210"]
[Annotator "NA"]
[PlyCount "95"]
[EventDate "2019.08.17"]
[EventType "tourn"]
[EventCountry "FRA"]
[SourceTitle "playchess.com"]
[Source "ChessBase"]
[SourceQuality "1"]
[TimeControl "40/5400+30:1800+30"]

1. c4 {[%emt 0:00:00]} e5 {[%emt 0:00:00]} 2. Nc3 {[%emt 0:00:00]} Nf6 {[%emt 0:00:05]} 3. Nf3 {[%emt 0:00:25]} Nc6 {[%emt 0:00:30]} 4. e3 {[%emt 0:01:39]} Bb4 {[%emt 0:00:19]} 5. Qc2 {[%emt 0:01:53]} O-O {[%emt 0:05:04]} 6. Nd5 {[%emt 0:05:30]} Bd6 {[%emt 0:15:24]} 7. a3 {[%emt 0:17:34]} Nxd5 {[%emt 0:00:57]} 8. cxd5 {[%emt 0:00:09]} Ne7 {[%emt 0:00:12]} 9. Bc4 {[%emt 0:00:42]} b5 {[%emt 0:08:59]} 10. Bxb5 {[%emt 0:10:45]} Nxd5 {[%emt 0:02:43]} 11. b3 {[%emt 0:03:09]} c6 {[%emt 0:01:42]} 12. Be2 {[%emt 0:01:54]} f5 {[%emt 0:02:19]} 13. d4 {[%emt 0:01:54]} e4 {[%emt 0:00:24]} 14. Ne5 {[%emt 0:04:06]} Bb7 {[%emt 0:04:33]} 15. Nc4 {[%emt 0:10:27]} Bc7 {[%emt 0:02:17]} 16. g3 {[%emt 0:03:52]} Qf6 {[%emt 0:03:12]} 17. h4 {[%emt 0:34:31]} c5 {[%emt 0:07:24]} 18. Bb2 {[%emt 0:00:00]} cxd4 {[%emt 0:00:24]} 19. Bxd4 {[%emt 0:00:00]} Qh6 {[%emt 0:00:44]} 20. Kd2 {[%emt 0:00:00]} Ne7 {[%emt 0:03:39]} 21. Ne5 {[%emt 0:00:00]} Rac8 {[%emt 0:05:24]} 22. Qb2 {[%emt 0:00:00]} d6 {[%emt 0:03:00]} 23. Bc4+ {[%emt 0:00:00]} Bd5 {[%emt 0:01:41]} 24. Nc6 {[%emt 0:00:00]} Kf7 {[%emt 0:14:34]} 25. Nxe7 {[%emt 0:00:00]} Ba5+ {[%emt 0:01:04]} 26. b4 {[%emt 0:00:00]} Bxc4 {[%emt 0:00:29]} 27. Nxc8 {[%emt 0:00:00]} Bc7 {[%emt 0:00:46]} 28. Nxa7 {[%emt 0:00:00]} Qh5 {[%emt 0:00:01]} 29. Kc3 {[%emt 0:00:00]} d5 {[%emt 0:00:19]} 30. Qd2 {[%emt 0:00:00]} Qg6 {[%emt 0:01:23]} 31. a4 {[%emt 0:00:00]} Qa6 {[%emt 0:01:11]} 32. Nb5 {[%emt 0:00:00]} Bd8 {[%emt 0:02:19]} 33. Rhc1 {[%emt 0:00:00]} Be7 {[%emt 0:00:27]} 34. Kb2 {[%emt 0:00:00]} Rc8 {[%emt 0:01:55]} 35. Bc3 {[%emt 0:00:00]} Bd3 {[%emt 0:00:40]} 36. Nd4 {[%emt 0:00:00]} g6 {[%emt 0:00:53]} 37. Nb3 {[%emt 0:00:00]} Rb8 {[%emt 0:02:24]} 38. b5 {[%emt 0:10:30]} Qd6 {[%emt 0:01:29]} 39. Bd4 {[%emt 0:00:00]} Bc4 {[%emt 0:01:05]} 40. Qc3 {[%emt 0:00:00]} Rc8 {[%emt 0:01:26]} 41. a5 {[%emt 0:23:25]} Qd7 {[%emt 0:31:06]} 42. a6 {[%emt 0:00:00]} Qxb5 {[%emt 0:00:00]} 43. Ra5 {[%emt 0:00:00]} Qb8 {[%emt 0:00:00]} 44. a7 {[%emt 0:00:00]} Qb7 {[%emt 0:00:00]} 45. a8=Q {[%emt 0:00:00]} Rxa8 {[%emt 0:00:00]} 46. Rxa8 {[%emt 0:00:00]} Qxa8 {[%emt 0:00:00]} 47. Qa5 {[%emt 0:00:00]} Qc8 {[%emt 0:00:00]} 48. Qxd5+ {[%emt 0:11:35]} 1-0